000 00487nam a2200181Ia 4500
008 151018s9999 xx 000 0 und d
082 _bRBASDV15289
_a891.433
100 _aऊ ज शेळके
245 _aसुटका
250 _b1
260 _bराजपाल अंड सन्स
_c1970
300 _a59
600 _aऊ ज शेळके
630 _aसुटका
700 _aऊ ज शेळके
730 _aसुटका
942 _cBOOK
999 _c1016016
_d1016013